Season of hope /

Shranjeno v:
Bibliografske podrobnosti
Glavni avtor: Wagoner, Rose
Korporativna značnica: Copyright Paperback Collection (Library of Congress)
Format: Knjiga
Jezik:English
Izdano: North Hollywood, Calif. : American Art Enterprises, c1978.
Serija:Carousel romances ; #27
Teme:
LEADER 00966cam a22002653 4500
001 c000233224
003 CARM
005 20070423165841.0
008 020905s1978 cau 000 1 eng
010 |a 2002600088 
019 1 |a 24491540  |5 LACONCORD2021 
020 |a 0897840348 
035 |a (OCoLC)51854866  |5 LACONCORD2021 
040 |a DLC  |b eng  |c DLC  |d DLC 
050 0 0 |a CPB Box no. 1975 vol. 16 
100 1 |a Wagoner, Rose. 
245 1 0 |a Season of hope /  |c by Rose Wagoner. 
260 |a North Hollywood, Calif. :  |b American Art Enterprises,  |c c1978. 
300 |a 159 p. ;  |c 18 cm. 
490 0 |a Carousel romances ;  |v #27 
655 7 |a Love stories.  |2 gsafd 
710 2 |a Copyright Paperback Collection (Library of Congress)  |5 DLC 
852 8 |b CARM  |h A1:AP27A0  |i A04214  |p 0345825  |f BK 
999 f f |i 85819164-3f86-5893-afee-b786800d7517  |s dc3e1bdb-4fa6-5862-93af-72dd9344c0d6 
952 f f |p Can circulate  |a CAVAL  |b CAVAL  |c CAVAL  |d CARM 1 Store  |e A04214  |f A1:AP27A0  |h Other scheme  |i book  |m 0345825